ARRUPE JESUIT UNIVERSITY

CORONAVIRUS -STOP THE SPREAD - CLEAN,DISINFECT,COVER

How can you teach religion?! (Record no. 119705)

MARC details
000 -LEADER
fixed length control field 00463nam a22001577a 4500
005 - DATE AND TIME OF LATEST TRANSACTION
control field 20140124144049.0
008 - FIXED-LENGTH DATA ELEMENTS--GENERAL INFORMATION
fixed length control field 140124b xxu||||| |||| 00| 0 eng d
050 ## - LIBRARY OF CONGRESS CALL NUMBER
Classification number BV1471.2
Item number G347
100 ## - MAIN ENTRY--PERSONAL NAME
Personal name George, Barbara
9 (RLIN) 7101
245 ## - TITLE STATEMENT
Title How can you teach religion?!
Statement of responsibility, etc George, Barbara
260 ## - PUBLICATION, DISTRIBUTION, ETC. (IMPRINT)
Place of publication, distribution, etc Essex
Name of publisher, distributor, etc Kevin Mayhew
Date of publication, distribution, etc 1978
300 ## - PHYSICAL DESCRIPTION
Extent 283p.;
Dimensions 21cm.
650 ## - SUBJECT ADDED ENTRY--TOPICAL TERM
Topical term or geographic name as entry element Catechetics
Form subdivision Catholic church
9 (RLIN) 7102
700 ## - ADDED ENTRY--PERSONAL NAME
Personal name George, Barbara
9 (RLIN) 7103
942 ## - ADDED ENTRY ELEMENTS (KOHA)
Source of classification or shelving scheme Library of Congress Classification
Item type Monograph ( Printed materials)
Holdings
Withdrawn status Lost status Source of classification or shelving scheme Damaged status Not for loan Collection code Home library Current library Shelving location Date acquired Total Checkouts Full call number Barcode Date last seen Price effective from Koha item type
    Library of Congress Classification     Main Collection ARRUPE LIBRARY ARRUPE LIBRARY Main Collection 24/01/2014   BV1471.2 G347 464122358 24/01/2017 24/01/2014 Monograph ( Printed materials)

 

Arrupe Library. PO Box MP320 Mt Pleasant, Harare, Zimbabwe
263 242 745411|librarian@aju.ac.zw